|
|
|
|
| LEADER |
00000nam1a2200000 4500 |
| 001 |
161099 |
| 005 |
20231031155813.0 |
| 020 |
|
|
|a RU
|b 87-39458
|
| 035 |
|
|
|a (RuTPU)RU\TPU\book\174697
|
| 090 |
|
|
|a 161099
|
| 100 |
|
|
|a 20090603d1987 km a0rusy5003 ca
|
| 101 |
1 |
|
|a rus
|c eng
|
| 200 |
1 |
|
|a Радиационная защита населения
|e пер. с англ.
|
| 210 |
|
|
|a Москва
|c Энергоатомиздат
|d 1987
|
| 215 |
|
|
|a 77 с.
|c ил.
|
| 225 |
1 |
|
|a Рекомендации МКРЗ
|
| 320 |
|
|
|a Библиогр.: с. 40.
|
| 610 |
1 |
|
|a АЭС
|
| 610 |
1 |
|
|a атомные электрические станции
|
| 610 |
1 |
|
|a радиационная защита
|
| 610 |
1 |
|
|a окружающая среда
|
| 675 |
|
|
|a 614.876
|v 3
|
| 801 |
|
0 |
|a RU
|b RuMRKP
|c 19950417
|g psbo
|
| 801 |
|
1 |
|a RU
|b 63413507
|c 20090603
|g PSBO
|
| 801 |
|
2 |
|a RU
|b 63413507
|c 20091110
|g PSBO
|
| 900 |
|
|
|a Радиационная и химическая защита
|
| 942 |
|
|
|c BK
|